Citizenship and the New Day (Record no. 8835)

MARC details
000 -LEADER
fixed length control field 00541nam a2200229 a 4500
020 ## - INTERNATIONAL STANDARD BOOK NUMBER
ISBN
082 00 - DEWEY DECIMAL CLASSIFICATION NUMBER
Classification number 323.6
Author Cutter WOM
100 ## - MAIN ENTRY--AUTHOR NAME
Author name Womer, Parley
245 ## - TITLE STATEMENT
Title Citizenship and the New Day
260 ## - PUBLICATION, DISTRIBUTION, ETC. (IMPRINT)
Place of publication New York
Name of publisher Abingdon Press
Year of publication 2000
300 ## - PHYSICAL DESCRIPTION
Number of Pages 319p
500 ## - GENERAL NOTE
General note includes index and biblioraphy
650 ## - SUBJECT ADDED ENTRY--TOPICAL TERM
Topical Term Citizenship
942 ## - ADDED ENTRY ELEMENTS (KOHA)
Koha item type Books
700 1# -
-- Womer, Parley
Holdings
Collection code Home library Current library Date acquired Cost, normal purchase price Full call number Accession Number Koha item type
  Henry Martyn Institute Library Henry Martyn Institute Library 02/19/2008 100.00 323.6 WOM 012326 Books
                   Copyright © 2026 | Henry Martyn Institute | Hyderabad | TS-500052 | INDIA | Implemented by hmi.edu.in
Hit-Count:

Powered by Koha